000 02558nam0a2200349 4500
001 RU\NLR\BIBL_A\011944811
005 20190506102900.0
010 _a978-5-7148-0645-2
_9100
021 _aRU
_bКН-П-19-003783
_9КН-П-19-0277
035 _a(NLR Aleph) 011944811
035 _a(RuMoRGB)009872661
090 _a11111906
_c11111906
100 _a20190222d2018 k y0rusy50 ca
101 0 _arus
102 _aRU
105 _aa zzzz000|yz
200 1 _aОценка качества воспитания обучающихся образовательной организации в соответствии с требованиями ФГОС общего образования
_eматериалы региональной научно-практической конференции, г. Кемерово, 09-30 апреля 2018 года
_fДепартамент образования и науки Кемеровской области, Кузбасский региональный институт повышения квалификации и переподготовки работников образования
_g[редакционная коллегия: к.филол.н., доц. А. В. Чепкасов и др.]
210 _aКемерово
_cИзд-во КРИПКиПРО
_d2018
215 _a101 с.
_cил., табл.
_d20
320 _aБиблиогр. в конце ст.
606 1 _aШкольники
_xВоспитание
_jСъезды, совещания и т.п
_2nlr_sh2
_3RU\NLR\AUTH\66482799
610 0 _aвоспитание школьников
686 1 _aЧ421.3я431
702 1 _aЧепкасов
_bА. В.
_f1971-
_gАртур Владимирович
_4340
711 1 2 _a"Оценка качества воспитания обучающихся образовательной организации в соответствии с требованиями ФГОС общего образования", региональная научно-практическая конференция
_f2018
_eКемерово
_3RU\NLR\AUTH\880496316
712 0 2 _aКузбасский региональный институт повышения квалификации и переподготовки работников образования
_cКемерово
_3RU\NLR\AUTH\8810049173
_4475
942 _cBOOK
980 _aNBR
980 _aNB